| 000 | 01906nam a2200361 c 4500 | ||
|---|---|---|---|
| 003 | BLK | ||
| 005 | 20180420234756.0 | ||
| 008 | 180410b bul|||||r ||||||| ||bul|| | ||
| 010 | _aKNG00170434000 | ||
| 040 | _aBLK | ||
| 041 |
_aRUS _cBUL |
||
| 080 |
_aРазвиване на мисълта. Подвижни упражнения - Упражняване на вниманието и способността за различаване, наблюдаване на природата, гимнастика, ритмични упражнения, ръчна работа и др. _b372.36 _x _z372.36 |
||
| 080 |
_aОбразование и възпитание на интелекта и на личността _b37.03 _x _z37.03 |
||
| 100 | 1 |
_aНикитин, Борис Павлович _eпърви автор _9335852 |
|
| 139 |
_aНикитин, Борис Павлович _bН 68 |
||
| 245 | 1 | 0 |
_aРазвивающие игры _cБорис Павлович Никитин. |
| 250 | _a2. изд. | ||
| 257 | _aSUN | ||
| 260 |
_аМосква _bПедагогика _c1985 _fКалинин : ПК |
||
| 300 |
_a120 с. _bс цв. ил. _c22 см |
||
| 380 | _a3 | ||
| 500 | _a1. изд. 1976 на изд. Знание със загл. Ступеньки творчества (или развивающие игры) в сер. Народный университет. Педагогический факультет ; 1). - 100 000 тир. | ||
| 650 | 4 |
_aПредучилищно възпитание _9241578 |
|
| 650 | 4 |
_aИгри, развиващи _9335853 |
|
| 650 | 4 |
_aИгри, умствени _9328398 |
|
| 653 | _aпредучилищно възпитание | ||
| 653 | _aумствени игри | ||
| 852 | _aЦб 135594 | ||
| 856 | 4 |
_qpdf _u |
|
| 856 | 4 |
_qpdf _u |
|
| 942 |
_cKNG _n0 |
||
| 944 |
_aCR _c29.01.2015 _lф / _kЛюдмила_Стоянова |
||
| 944 |
_aED _c29.01.2015 _lф / _kЛюдмила_Стоянова |
||
| 999 |
_c163045 _d163045 |
||